Science Quiz

Random Science or Letter Quiz
Score 0/52 Timer 06:00
2 Plays Today
Start Letter Element % Correct
BBoron
85.6%
AArsenic
83.5%
HHafnium,..
83%
CCadmium,..
82.7%
CCarbon
81.7%
NNeon,..
81.3%
AActinium,..
81.3%
IIodine
80.7%
OOxygen...
80.6%
HHydrogen
79.2%
ZZinc
78.4%
PPalladium,..
77.2%
GGold
76.7%
BBarium,..
76.5%
XXenon
76.1%
RRadium,..
75.8%
LLanthanum,..
75.1%
AArgon
75.1%
RRadon
74.7%
UUranium
74.5%
SSilver,..
73.9%
SSamarium,..
73.9%
MMagnesium,..
73.7%
EEinsteinium,..
69.8%
TTin,..
69.4%
LLead
69.2%
Start Letter Element % Correct
FFluorine
69.1%
KKrypton
68.3%
GGadolinium,..
68%
AAntimony
67%
TTantalum,..
65.7%
IIndium,..
64.6%
IIron
64.2%
YYtterbium,..
63%
PPhosphorus
61.6%
CCopper
61%
NNickel
61%
FFermium,..
60.7%
CChlorine
59.3%
MManganese
58.4%
CCobalt
58.1%
VVanadium
57.3%
ZZirconium
57.3%
BBromine
55.9%
OOsmium
54.2%
MMercury
52.8%
BBismuth
52.8%
SSilicon
49.7%
NNeodymium,..
49.5%
AAstatine
49.4%
DDarmstadtium,..
41.8%
TTennessine
21.4%
Remove Ads.
Support Sporcle.
Get the best of Sporcle when you Go Orange. This ad-free experience offers more features, more stats, and more fun while also helping to support Sporcle. Thank you for becoming a member.

You're not logged in!

Compare scores with friends on all Sporcle quizzes.
OR
Log In

Show Comments

Extras

Top Quizzes Today


Score Distribution

Your Account Isn't Verified!

In order to create a playlist on Sporcle, you need to verify the email address you used during registration. Go to your Sporcle Settings to finish the process.

Report this User

Report this user for behavior that violates our Community Guidelines.

Details: